000 00650nam a22002297a 4500
005 20170124110132.0
010 _aA-048668
020 _c00.00
_a0719536820
035 _aA-048668
037 _bCen Lib/Ret
040 _aDPL
_bEN
082 _a658.3
_bHAC
100 _aHackett, Penny
_932348
245 _aSuccess in management: personnel /
_cby Penny Hackett
260 _aLondon
_bJohn Murray
_c1979
270 _a50 Albemarle Street
_bLondon
300 _ax,310p. :
_c20cm(Hb)
_bill.
500 _aIncludes index
650 _aPersonnel management
_913632
650 _aManagement
_93072
942 _2ddc
_cEN
_h658.3
_mHAC
999 _c131641
_d131641